000 00472nam a22001817a 4500
003 CEME
005 20210628203837.0
008 210317b xxu||||| |||| 00| 0 eng d
020 _a0-8247-9162-2
040 _c.
082 _a620.00151535 MAC'F
100 _aMacneal, R. H
_967530
245 _aFinite elements, their design and performance
260 _aNEWYORK
_bMARCEL DEKKER
_c1993
300 _a531P
650 _aFINITE ELEMENT METHOD
_91938
942 _cBK
_2ddc
999 _c575288
_d575288